00629cam a22002053a 450000100060000000300060000600500170001200800410002904000150007004200070008505000070009210000300009924501100012926000290023950600300026851600200029865300340031883000290035285600420038132673PGUSA20140828083716.0100603s2010||||xxu|||||s|||||000 | eng d aPGUSAbeng adc 4aBS1 aGore, Charles,d1853-193210aSt. Paul's Epistle to the Romans :bA Practical Exposition. Vol. Ih[electronic resource] /cCharles Gore bProject Gutenberg,c2010 aPublic domain in the USA. aElectronic text aBible. Romans -- Commentaries 0aProject Gutenbergv3267340uhttp://www.gutenberg.org/ebooks/32673